00627nam a22002057a 450000500170000000800410001702000180005804000210007604100080009708200180010510000250012324500990014825000160024726000340026330000100029765000190030765000430032670000250036970000270039420240217112522.0240217b ||||| |||| 00| 0 eng d a9789391527884 aIN-DiNCcIN-DiNC dasm a301.0954bBOR aBorah, Rajeneauthor aBharatiya samaj:bdrishyapat aru bastav swarup/cby Rajen Borah, Akhil Borah and Pankaj Boruah a1st NEP ed. aJorhat:bBidya bhawan,c2024. a208p. aIndian society aImages and realities of Indian society aBorah, Akhileauthor aBoruah, Pankajeauthor